Gêneros textuais, tipificacao e interacao

Saved in:
Bibliografiske detaljer
Hovedforfatter: Bazerman, Charles (Author)
Format: Bog
Sprog:portugisisk
Udgivet: Sao Paulo Cortez 2009
Udgivelse:3a. ed
Fag:
Tags: Tilføj Tag
Ingen Tags, Vær først til at tagge denne postø!

MARC

LEADER 00000nam a2200000 a 4500
001 UCH4748
003 CL-VaPUC
008 090903e20090000BL |||||||||||||||||por|d
020 |a 9788524911057 
082 0 4 |a 418  |b BAZ  |2 21 
100 0 |a Bazerman, Charles  |e author  |9 540658 
245 1 0 |a Gêneros textuais, tipificacao e interacao 
250 |a 3a. ed 
300 |a 165 p 
942 |c BK 
945 |d 20090903 00:00:00  |a rbrito 
260 |a Sao Paulo  |b Cortez  |c 2009 
650 0 |a Análisis de textos   |9 440179 
650 0 |a Crítica literaria   |9 269189 
650 0 |a Géneros literarios   |9 311945 
583 |a last modification  |c 20090903 00:00:00  |k Rodrigo Vera 
999 |c 336019  |d 336017 
952 |0 0  |1 0  |4 0  |6 418_000000000000000_BAZ_2009  |7 0  |8 A  |9 426890  |a FDOPOS  |b FDOPOS  |d 2019-11-22  |i 4597354  |o 418 BAZ 2009  |p 4597354  |r 2025-01-22  |w 2019-11-22  |y BK  |k DLA